Southville International School and Colleges
Your cart is empty.
  • Cart
  • Lists
    Public lists Eva Luna New books Lux_list list_1
    Your lists Log in to create your own lists
  • Log in to your account
  • Your cookies
  • Search history
Southville International School and Colleges
  • Advanced search
  • Recent comments
  • Most popular
  • Libraries

Log in to your account

Log in with GOOGLE


If you do not have an external account, but do have a local account, you can still log in:

  1. Home
  2. MARC view: Pyramids were built? and other questions about ancient Egypt /
Normal view MARC view ISBD view

Pyramids were built? and other questions about ancient Egypt / (Record no. 305633)

[ view plain ]
MARC details
000 -LEADER
fixed length control field 00921nam a2200289Ia 4500
008 - FIXED-LENGTH DATA ELEMENTS--GENERAL INFORMATION
fixed length control field 170203s9999 xx 000 0 und d
020 ## - INTERNATIONAL STANDARD BOOK NUMBER
International Standard Book Number 0 753405113
050 ## - LIBRARY OF CONGRESS CALL NUMBER
Classification number 0 30
050 ## - LIBRARY OF CONGRESS CALL NUMBER
Item number S814i 1995
100 ## - MAIN ENTRY--PERSONAL NAME
Personal name Steele, Philip, 1948-
245 ## - TITLE STATEMENT
Title Pyramids were built? and other questions about ancient Egypt /
245 ## - TITLE STATEMENT
Statement of responsibility, etc Philip Steele.
260 ## - PUBLICATION, DISTRIBUTION, ETC. (IMPRINT)
Place of publication, distribution, etc Danbury, Connecticut :
260 ## - PUBLICATION, DISTRIBUTION, ETC. (IMPRINT)
Name of publisher, distributor, etc Grolier,
260 ## - PUBLICATION, DISTRIBUTION, ETC. (IMPRINT)
Date of publication, distribution, etc 2005
300 ## - PHYSICAL DESCRIPTION
Extent 32 pages :
300 ## - PHYSICAL DESCRIPTION
Other physical details color illustrations ;
300 ## - PHYSICAL DESCRIPTION
Dimensions 29 cm.
440 ## - SERIES STATEMENT/ADDED ENTRY--TITLE
Title I wonder why series.
500 ## - GENERAL NOTE
General note Originally published: London : Kingfisher, c1995.
650 ## - SUBJECT ADDED ENTRY--TOPICAL TERM
Topical term or geographic name as entry element Children's questions and answers.
650 ## - SUBJECT ADDED ENTRY--TOPICAL TERM
Topical term or geographic name as entry element Egypt -- Civilization -- To 332 B.C. --
650 ## - SUBJECT ADDED ENTRY--TOPICAL TERM
Topical term or geographic name as entry element Egypt -- Social life and customs -- To 332 B.C. --
650 ## - SUBJECT ADDED ENTRY--TOPICAL TERM
General subdivision Juvenile literature.
650 ## - SUBJECT ADDED ENTRY--TOPICAL TERM
General subdivision Juvenile literature.
700 ## - ADDED ENTRY--PERSONAL NAME
Personal name I wonder why pyramids were built?, Title.
Holdings
Withdrawn status Lost status Damaged status Home library Current library Shelving location Date acquired Total Checkouts Full call number Barcode Date last seen Price effective from Koha item type
      Stonyhurst Southville International School (Batangas) Stonyhurst Southville International School (Batangas)   02/03/2017   Ref. 030 .S814i 1995 LS- 2432 02/03/2017 02/03/2017 Books

Pyramids were built? and other questions about ancient Egypt /

APA

Steele P. 1., I wonder why pyramids were built? T., .Pyramids were built? and other questions about ancient Egypt. Danbury, Connecticut: .

Chicago

Steele Philip 1948, I wonder why pyramids were built? Title, .Pyramids were built? and other questions about ancient Egypt. Danbury, Connecticut: .

Harvard

Steele P. 1., I wonder why pyramids were built? T., .Pyramids were built? and other questions about ancient Egypt. Danbury, Connecticut: .

MLA

Steele Philip 1948, I wonder why pyramids were built? Title, .Danbury, Connecticut: . .

  • Place hold
  • Print
  • Cite
  • Add to your cart (remove)
  • Save record
    BIBTEX Dublin Core MARCXML MARC (non-Unicode/MARC-8) MARC (Unicode/UTF-8) MARC (Unicode/UTF-8, Standard) MODS (XML) RIS
  • More searches
    Search for this title in:
    Other Libraries (WorldCat) Other Databases (Google Scholar) Online Stores (Bookfinder.com) Open Library (openlibrary.org)

Exporting to Dublin Core...

SOUTHVILLE LIBRARY

Southville International School and Colleges Library

1281 Tropical Ave. Cor. Luxembourg St., BF Homes International, Las Pinas City

Tel. No. 8256374 / 252358 Loc. 117/146

Powered by Koha